Trafalgar Square (Record no. 116529)
[ view plain ]
| 000 -LEADER | |
|---|---|
| fixed length control field | 01053cam a22002055a 4500 |
| 001 - CONTROL NUMBER | |
| control field | L140912 |
| 008 - FIXED-LENGTH DATA ELEMENTS--GENERAL INFORMATION | |
| fixed length control field | 071017s1907 xxk eng u |
| 035 ## - SYSTEM CONTROL NUMBER | |
| System control number | (Sirsi) u140912 |
| 041 0# - LANGUAGE CODE | |
| Language code of text/sound track or separate title | eng |
| 110 2# - MAIN ENTRY--CORPORATE NAME | |
| Corporate name or jurisdiction name as entry element | Farebrother, Ellis, Egerton, Breach and Co. |
| 9 (RLIN) | 5411 |
| 245 00 - TITLE STATEMENT | |
| Title | Trafalgar Square |
| Remainder of title | particulars, plan and conditions of sale of The London Coliseum...also adjoining freehold and leasehold properties situate and being 40, 41, 42, 43, 45 and 46 Chandos Street, West Strand, 9 and 10 Taylor's Buildings and 36 St Martin's Lane...which will be sold by auction by Mr Benjamin I'Anson Breach of the firm of Messrs. Farebrother, Ellis, Egerton Breach and Co...at The Auction Mart, Tokenhouse Yard, E.C. on Thursday the 25th day of April 1907... |
| 260 ## - PUBLICATION, DISTRIBUTION, ETC. | |
| Place of publication, distribution, etc. | S.l. |
| Name of publisher, distributor, etc. | s.n. |
| Date of publication, distribution, etc. | [1907] |
| 300 ## - PHYSICAL DESCRIPTION | |
| Extent | 13 p. |
| Other physical details | ill., col. map |
| Dimensions | 44 cm. |
| 340 ## - PHYSICAL MEDIUM | |
| Material base and configuration | Printed |
| 351 ## - ORGANIZATION AND ARRANGEMENT OF MATERIALS | |
| Hierarchical level | Single item |
| 500 ## - GENERAL NOTE | |
| General note | Item is in a fragile condition. |
| 651 4# - SUBJECT ADDED ENTRY--GEOGRAPHIC NAME | |
| Geographic name | London |
| 690 ## - LOCAL SUBJECT ADDED ENTRY--TOPICAL TERM (OCLC, RLIN) | |
| Topical term or geographic name as entry element | PROPERTY-PROPERTY ACQUISITION AND DISPOSAL-ACQUISITION AND DISPOSAL AT AUCTION |
| 942 ## - ADDED ENTRY ELEMENTS (KOHA) | |
| Suppress in OPAC | 0 |
| Withdrawn status | Lost status | Source of classification or shelving scheme | Damaged status | Not for loan | Home library | Current library | Shelving location | Date acquired | Total Checkouts | Full call number | Barcode | Date last seen | Copy number | Price effective from | Koha item type |
|---|---|---|---|---|---|---|---|---|---|---|---|---|---|---|---|
| Dewey Decimal Classification | Historic collection | Historic collection | Historic collection | 17/10/2007 | MAP CABINET DRAWER 8 | 140912-2001 | 06/08/2019 | 1 | 06/08/2019 | Archive |